000 00764nam a2200241Ia 4500
005 20260617114826.0
008 260616s9999||||xx |||||||||||||| ||und||
020 _a9788178298337
_qhb
082 _a304.80954
_bRAG
100 _aRaghuram, Parvati [ed.]
245 0 _aTracing an Indian diaspora : contexts, memories, representations
260 _aNew Delhi
_bSage Publication India
_c2008
300 _axiii, 467p. ; 22cm.
653 _aCultural identity
653 _aEast Indian diaspora
653 _aEast Indians—Foreign countries
653 _aEmigration and immigration—Social aspects
653 _aTransnationalism
700 _aMaharaj, Brij [ed.]
700 _aSahoo, Ajay Kumar [ed.]
700 _aSangha, Dave [ed.]
942 _cBK
_2ddc
999 _c57209
_d57209